Propuestas de paz: Nicaragua
Gorde:
| Formatua: | Texto |
|---|---|
| Hizkuntza: | Spanish |
| Gaiak: | |
| Etiketak: |
Etiketa erantsi
Etiketarik gabe, Izan zaitez lehena erregistro honi etiketa jartzen!
|
MARC
| LEADER | 00000 a a2200000 04500 | ||
|---|---|---|---|
| 001 | 44478 | ||
| 003 | cru CIDCACS/IIS | ||
| 005 | 20200107153519.0 | ||
| 008 | 200107b ||||| |||| 00| 0 spa d | ||
| 999 | |c 24609 |d 24609 | ||
| 040 | |c cru CIDCACS/IIS | ||
| 245 | |a Propuestas de paz: |b Nicaragua | ||
| 650 | |a NICARAGUA | ||
| 650 | |a PAZ | ||
| 650 | |a MANTENIMIENTO DE LA PAZ | ||
| 650 | |a ESTADOS UNIDOS | ||
| 773 | |g volumen7, número47 (1983), Página: 738 | ||
| 773 | 0 | |0 42391 |9 4199 |a Agencia Latinoamericana de Información, ALAI |d Quito, Ecuador: ALAI |o 03958 |t ALAI: |x 08275564 (Servicio mensual de información y documentación) | |
| 942 | |2 ddc |c PP | ||
